Statistiques concernant Drapeaux des pays de la Coupe du monde 2023.

Cliquez ici pour prendre le quiz!

Statistiques générales

  • Ce quiz a été pris 152 fois
  • Le résultat moyen est 18 sur 20

Statistiques - réponses

Réponse% Correct
France
99%
Australie
98%
Italie
98%
Argentine
97%
Japon
97%
Portugal
97%
Uruguay
97%
Afrique du Sud
95%
Écosse
95%
Nouvelle-Zélande
95%
Pays de Galles
95%
Roumanie
95%
Angleterre
93%
Chili
92%
Géorgie
92%
Fidji
84%
Tonga
74%
Irlande
71%
Samoa
69%
Namibie
68%

Distribution des résultats

Percentile par nombre de réponses

% des personnes avec chaque résultat

Votre développement - résultats

Vous n’avez pas pris ce quiz